000 00768nam a22002057a 4500
005 20170613162644.0
010 _a1516EN07
020 _a9780143426837
_c599.00
035 _aB-670029
037 _aDPL
_bPansy
082 _aN
100 _aJaffrelot, Christophe
245 _aThe Pakistani paradox:
_cby Christophe Jaffrelot
_binstability and resilience /
260 _aGurgaon
_bPengun Books
_c2016
270 _a7th Floor, Infinity Tower C, DLF Cyber City,
_bGurgaon
_e122002
300 _axii,676p.:
_c23cm(pbk)
_bill.
500 _aIncludes index
942 _2ddc
_cEN
_hN
_mJAF
999 _c141066
_d141066